00406nam a2200157Ia 4500008004100000020001500041041001200056082001100068100001600079245007800095260002500173300000800198650000800206700001500214700001900229221030s9999 xx 000 0 und d a0070601852 aEnglish a105.23 aJ. D. Kraus 0aAntennas for all Applicationscby J. D. Kraus, R. J. Marhefka, A. S. Khan bTMHaNew Delhic2009 a962 aECE aA. S. Khan aR. J. Marhefka